000 00773nam a22002297a 4500
999 _c159133
_d159133
005 20181204162947.0
006 a|||||f|||| 00| 0
007 tc
008 180720b xxu||||| |||| 00| 0 eng d
010 _aB-348029-B-348032
020 _c205.00(per set)
035 _aB-348029
037 _bA.I.C.B.
082 _a880
100 _aSood, Vinay
245 _aLiving Literature an Anthology of Prose and Poetry
_cby Vinay Sood
260 _aDelhi
_bA.C.I.B.
_cN.D.
270 _aSector-5, Rohini,
_bNew Delhi
_e110085
300 _a2V., various pages.
_c30cm(HB).
942 _2ddc
_cBRLEN
_h880
_mSOO